The Victorian age in literature / (Record no. 17981)
[ view plain ]
| 000 -LEADER | |
|---|---|
| fixed length control field | 00943cam a22002771 4500 |
| 001 - CONTROL NUMBER | |
| control field | 17981 |
| 003 - CONTROL NUMBER IDENTIFIER | |
| rucl marc code | BD-RjUL |
| 005 - DATE AND TIME OF LATEST TRANSACTION | |
| control field | 20211209000224.0 |
| 008 - FIXED-LENGTH DATA ELEMENTS--GENERAL INFORMATION | |
| fixed length control field | 140219r19471944enk b 001 0 eng |
| 035 ## - SYSTEM CONTROL NUMBER | |
| System control number | (BD-RjUL)18039 |
| System control number | (OCoLC)2652957 |
| 040 ## - CATALOGING SOURCE | |
| Original cataloging agency | DLC |
| Transcribing agency | O |
| Modifying agency | OCoLC |
| -- | DLC |
| -- | BD-RjUL |
| Language of cataloging | eng |
| 041 ## - LANGUAGE CODE | |
| Language code of text/sound track or separate title | eng |
| 082 04 - DEWEY DECIMAL CLASSIFICATION NUMBER | |
| Classification number | 820.9 |
| Author mark and year | CHV 1947 |
| 100 1# - MAIN ENTRY--PERSONAL NAME | |
| Personal name | Chesterton, G. K. |
| Fuller form of name | (Gilbert Keith), |
| Dates associated with a name | 1874-1936. |
| 9 (RLIN) | 53253 |
| 245 14 - TITLE STATEMENT | |
| Title | The Victorian age in literature / |
| Statement of responsibility, etc. | by G. K. Chesterton. |
| 260 ## - PUBLICATION, DISTRIBUTION, ETC. (IMPRINT) | |
| Place of publication, distribution, etc. | London : |
| Name of publisher, distributor, etc. | Williams and Norgate, |
| Date of publication, distribution, etc. | c1944 [Reprinted 1947]. |
| 300 ## - PHYSICAL DESCRIPTION | |
| Pagination | vi, 7-256 p. ; |
| Size | 17 cm. |
| 490 0# - SERIES STATEMENT | |
| Series statement | Home university library of modern knowledge. |
| 504 ## - BIBLIOGRAPHY, ETC. NOTE | |
| Bibliography, etc | "Bibliographical note": p. 253-254. |
| 650 #0 - SUBJECT ADDED ENTRY--TOPICAL TERM | |
| Topical term or geographic name as entry element | English literature |
| Chronological subdivision | 19th century |
| General subdivision | History and criticism. |
| 9 (RLIN) | 3006 |
| Topical term or geographic name as entry element | English literature |
| Chronological subdivision | 20th century |
| General subdivision | History and criticism. |
| 9 (RLIN) | 55220 |
| 942 ## - ADDED ENTRY ELEMENTS (KOHA) | |
| Source of classification or shelving scheme | Dewey Decimal Classification |
| Koha item type | Books |
| Lost status | Source of classification or shelving scheme | Damaged status | Not for loan | Collection code | Permanent Location | Current Location | Shelving location | Date acquired | Source of acquisition | Cost, normal purchase price | Total Checkouts | Full call number | Date last seen | Copy number | Koha item type |
|---|---|---|---|---|---|---|---|---|---|---|---|---|---|---|---|
| Dewey Decimal Classification | Not For Loan | Non-fiction | Central Library, University of Rajshahi | Central Library, University of Rajshahi | Reading Room | 17/01/1955 | O. U. P | 3.60 | 820.9 CHV 1947 | 19/02/2014 | C-1 | Books |